|
|
|
|
| LEADER |
01363cam a2200337 a 4500 |
| 001 |
c000278925 |
| 003 |
CARM |
| 005 |
20080104085027.0 |
| 008 |
810908s1981 mdubj b 001 0 eng |
| 010 |
|
|
|a 80008869
|
| 019 |
1 |
|
|a 2069637
|5 LACONCORD2021
|
| 020 |
|
|
|z 0801826260
|
| 035 |
|
|
|a (OCoLC)7370188
|5 LACONCORD2021
|
| 040 |
|
|
|a LC
|b eng
|c LC
|d NNCU:A
|
| 043 |
|
|
|a e-uk---
|a aw-----
|
| 050 |
0 |
0 |
|a DS63.2.G7
|b M6 1981
|
| 082 |
0 |
4 |
|a 327.41056
|2 19
|
| 100 |
1 |
|
|a Monroe, Elizabeth.
|
| 245 |
1 |
0 |
|a Britain's moment in the Middle East, 1914-1971 /
|c Elizabeth Monroe.
|
| 250 |
|
|
|a New and rev. ed., 2nd ed. /
|b with a foreword by Peter Mansfield.
|
| 260 |
|
|
|a Baltimore, Md. :
|b Johns Hopkins University Press,
|c 1981.
|
| 300 |
|
|
|a 254 p. :
|b geneal. table, 2 maps ;
|c 23 cm.
|
| 500 |
|
|
|a Previously published as: Britain's moment in the Middle East, 1914-1956.
|
| 500 |
|
|
|a Includes index.
|
| 504 |
|
|
|a Bibliography: p. [227]-242.
|
| 651 |
|
0 |
|a Middle East
|x Foreign relations
|z Great Britain.
|
| 651 |
|
0 |
|a Great Britain
|x Foreign relations
|z Middle East.
|
| 651 |
|
0 |
|a Middle East
|x Politics and government
|y 1914-1945.
|
| 852 |
8 |
|
|b CARM
|h A1:AL17F0
|i B10460
|p 0398736
|f BK
|
| 999 |
f |
f |
|i c4f82f72-139c-5d1d-90c3-9250b6f7e9ea
|s 7323a753-d07b-526d-b46c-40c1b7a62900
|
| 952 |
f |
f |
|p Can circulate
|a CAVAL
|b CAVAL
|c CAVAL
|d CARM 1 Store
|e B10460
|f A1:AL17F0
|h Other scheme
|i book
|m 0398736
|